02143nam a2200361 i 4500001001500000003000900015005001700024007000300041008004100044020001800085040002100103041001300124072004800137072006800185080002400253080001600277080002200293100002700315240003900342245013200381250001800513264003100531300002300562520086600585520015301451655002401604655002101628655002501649655002101674655001901695655002601714700004101740nkc20162829659CZ PrSKC20211012144459.0ta160829s2016 xr c 000 f cze  a9788025329078 aOLA001bczeerda1 aczeheng 7a821.111(73)-3xAmerická próza2Konspekt 7a821-93xLiteratura pro děti a mládež (beletrie)2Konspekt a821.111(73)-312MRF a821-932MRF a(0:82-312.9)2MRF1 aDurst, Sarah Beth4aut10aGirl who could not dream.lČesky10aHolčička, která nemohla snít /cSarah Beth Durstová ; z anglického originálu přeložila Alžběta Franková a1. vydání 1aV Praze :bFragment,c2016 a367 stran ;c21 cm aSkrytý obchůdek, ve kterém její rodiče prodávají sny stáčené do lahviček, je pro Sophii to nejúžasnější místo na světě. Sny - ta záhadná, magická a občas nebezpečná noční dobrodružství - ji neodolatelně přitahují hlavně proto, že sama nikdy žádný neměla. A to už zkoušela všechny zaručené recepty, jak sny přivolat - od sušenek a teplého mléka až po strašidelné knihy před spaním! Když její rodiče záhadně zmizí a Obchůdek se sny je vykraden, Sophie se musí pustit do pátrání. Spolu se svým věrným kamarádem - upovídaným a mlsným příšerákem Příšerou - se vydává na dobrodružnou cestu, během které narazí na mnohá nebezpečí a odhalí nejedno rodinné tajemství. Nakladatelská anotace. aVtipný a kouzelný příběh o tom, jak jsou sny důležité a jak bychom neměli podceňovat jejich moc. Pro čtenáře kolem 10 let. 7aamerické romány 7afantasy romány 7apublikace pro děti 9aAmerican fiction 9afantasy novels 9achildren's literature1 aFranková, Alžběta,d1992-4trl